000 00574nam a2200229Ia 4500
003 OSt
005 20220923230645.0
006 a|||||r|||| 00| 0
007 ta
008 Pun
024 _a301,233
037 _cTextual
040 _aARTS
_cARTS
_bPun
041 _2Pun
_aPun
082 _aR, 153N9
100 _aਸਿੰਘ, ਹਰੀ, ਂਚ.
245 0 _aਖ਼ਿਲਾਸਖ਼ੀ ਦੀ ਕਹਾਣੀ
260 _c1999
300 _a465ਪੰ
_ccm.
942 _hR, 153N9
_cTEXL
_2CC
999 _c386322
_d386322